Rapport mondial sur les drogues
Đã lưu trong:
| 格式: | 圖書 |
|---|---|
| 語言: | Undetermined |
| 出版: |
Publication Des Nations Unites
2004
|
| 主題: | |
| 標簽: |
添加標簽
沒有標簽, 成為第一個標記此記錄!
|
| Thư viện lưu trữ: | Trung tâm Học liệu Trường Đại học Cần Thơ |
|---|
| LEADER | 00429nam a2200145Ia 4500 | ||
|---|---|---|---|
| 001 | CTU_92190 | ||
| 008 | 210402s9999 xx 000 0 und d | ||
| 082 | |a 362.29 | ||
| 082 | |b W927/Vol.2 | ||
| 245 | 0 | |a Rapport mondial sur les drogues | |
| 260 | |b Publication Des Nations Unites | ||
| 260 | |c 2004 | ||
| 650 | |a drug abuse,drug traffic,drug control | ||
| 904 | |i Tuyến | ||
| 980 | |a Trung tâm Học liệu Trường Đại học Cần Thơ | ||